000 00443pab a2200169 454500
008 180718b2015 xxu||||| |||| 00| 0 eng d
100 _aKhan, N.A.
245 _aAn empirical analysis of FDI and economic growth in India
260 _c2015
300 _ap.545-566.
362 _aJan
650 _aEconomic growth - India
650 _aForeign investment
700 _aBalaji
773 _aIndian Journal of Economics
909 _a108157
999 _c108152
_d108152